The McGraw-Hill handbook of global trade and investment financing / (Record no. 13328)

000 -LEADER
fixed length control field 00542cam a2200193 a 4500
020 ## - INTERNATIONAL STANDARD BOOK NUMBER
ISBN 0070654352 :
040 ## - CATALOGING SOURCE
Transcribing agency DLC
082 00 - DEWEY DECIMAL CLASSIFICATION NUMBER
Classification number 332 MCG 1992 A013 Or.
100 1# - MAIN ENTRY--AUTHOR NAME
Personal name Tuller, Lawrence W.
245 14 - TITLE STATEMENT
Title The McGraw-Hill handbook of global trade and investment financing /
260 ## - PUBLICATION, DISTRIBUTION, ETC. (IMPRINT)
Place of publication New York :
Name of publisher McGraw-Hill,
Year of publication c1992.
300 ## - PHYSICAL DESCRIPTION
Number of Pages xxiv, 535 p. ;
Dimensions 23 cm.
500 ## - GENERAL NOTE
General note Includes index.
650 #0 - SUBJECT ADDED ENTRY--TOPICAL TERM
Topical Term Export credit
650 #0 - SUBJECT ADDED ENTRY--TOPICAL TERM
Topical Term Investments, Foreign
650 #0 - SUBJECT ADDED ENTRY--TOPICAL TERM
Topical Term International finance
650 #0 - SUBJECT ADDED ENTRY--TOPICAL TERM
Topical Term International trade
942 ## - ADDED ENTRY ELEMENTS (KOHA)
Koha item type សៀវភៅភាសាអង់គ្លេស
952 ## - LOCATION AND ITEM INFORMATION (KOHA)
Withdrawn status [LOCAL, KOHA] 0
Holdings
Permanent Location Date acquired Koha item type Lost status Shelving location Barcode Current Location Full call number
Library Block A2017-08-23សៀវភៅភាសាអង់គ្លេស A013A22251Library Block A332 MCG 1992 A013 Or.
មជ្ឈមណ្ឌលឯការនៃសាកលវិទ្យាល័យភូមិន្ទកសិកម្មចំការដូង

Powered by Koha